000 00458pab a2200169 454500
008 180718b2015 xxu||||| |||| 00| 0 eng d
100 _aVijayay, P.K.
245 _aHindutva's psychological warfare: The insidious agendas of Ghar Wapsi
260 _c2015
300 _ap.22-24.
362 _a14 Mar
650 _aGhar Wapsi
650 _aReligious conversion
700 _aGabriel, Karen
773 _aEconomic and Political Weekly
909 _a107453
999 _c107448
_d107448